00289nam a2200109 a 4500008004100000050001600041245003900057246002100096260003000117300002300147350000900170120416s1982 ||||||||||||||||| || u aHG 3881 Ori10aInternational capital markets 1982 aOrion Royal Bank aLondonbEuromoneyc[1982] aviii, 187p. : ill. a0.00